Регионална библиотека "Любен Каравелов" - Русе

Стихотворения, поеми (Запис номер 143148)

MARC детайли
000 -Лидер
Контролно поле с фиксирана дължина 01383nam a2200349 c 4500
003 - Код на организацията, давaща контролен номер
Контролно поле BLK
005 - Дата и час на последна редакция
Контролно поле 20220609105849.0
008 - Елементи от данни с фиксирана дължина
fixed length control field 180409b bul|||||r ||||||| ||bul||
010 ## - Наследен системен номер
LC control number KNG00149259000
040 ## - Източник на каталожния запис
Идентификатор на билиотеката - собственик на записа BLK
041 ## - Код за език
Код за езика на текст/звукозапис или на отделно заглавие Български
Код за езика КДБФ Български
080 ## - УДК
Текстов определител УДК Българска литература
УДК код - определител по УДК 821.163.2
УДК определител -1
УДК - код + определител 821.163.2-1
100 1# - Редна дума - Автор
Автор Ламар
Авторска отговорност първи автор
Автор - информация (биография) Пончев, Лалю Маринов
R(LIN) 87472
139 ## - Редно поле
Редна дума Ламар
Авторски знак Лам - Л 18
245 10 - Сведения за заглавието
Заглавие Стихотворения, поеми
Редно поле (дума) Ламар; * Лалю Маринов Пончев; предг. от Пенчо Данчев.
250 ## - Област на изданието
Сведения за изданието 2. изд.
257 ## - Страна на издаване
Страна на създаване/издаване България
260 ## - Област на издателските данни
Място на издаване, разпространение и проч. София
Име на издателя, разпространителя и проч. Бълг. писател
Година на издаване 1967
300 ## - Физическа характеристика
Страници 151 с.
Размери/Мащаб 20 см
380 ## - Жанр
Жанр Худож. лит.
490 1# - СЕРИИ (Колекции)
Име на серия Библиотека за ученика
500 ## - Общи забележки
Забележка 1. изд. 1966. - Ламар - псевд. на Лалю Маринов Пончев. - 15 100 тир.
700 1# - Други автори (авторска отговорност)
Лично име Пончев, Лалю Маринов
Автороска отговорност (Описва отношението между автора и произведението) *
9 (RLIN) 327204
700 1# - Други автори (авторска отговорност)
Лично име Данчев, Пенчо
Автороска отговорност (Описва отношението между автора и произведението) предг. от
9 (RLIN) 379694
852 ## - Местоположение
Форматна сигнатура Цб 42487
Фондова буква Хранилище
999 ## - СИСТЕМНИ КОНТРОЛНИ НОМЕРА
Koha biblionumber 143148
Koha biblioitemnumber 143148
942 ## - АРТИКУЛИ
Вид на библиотечния материал Книги
Скрит в OPAC Не
Периодичен библиозапис Да
944 ## - СЪЗДАВАНЕ И РЕДАКЦИЯ на ЗАПИСА
Създаване/Редакция Създаване
Дата на регистрацията/редакция 14.08.2013
Статус, дата на статуса 14.08.2013 - от С1,Р / 14.08.2013
Служител, извършил регистрацията/редакцията Людмила_Стоянова
944 ## - СЪЗДАВАНЕ И РЕДАКЦИЯ на ЗАПИСА
Създаване/Редакция Редакция
Дата на регистрацията/редакция 2022-06-09
Статус, дата на статуса 2022-06-09
Служител, извършил регистрацията/редакцията СТ
999 ## - СИСТЕМНИ КОНТРОЛНИ НОМЕРА
Koha biblioitemnumber 143148
Наличности
Код за отписване Код за изгубен артикул Източник на класификационната схема Код за повреда Коз за рестрикции Код за отдаване Артикулен № Име на библиотеката - собственик Име на библиотеката, в която се намира в момента Статус (Текущо местоположение) Дата на вписване в системата Местоположение - отдел Цена в лева Инвентарен номер Систематично азбучна сигнатура Баркод Номер на екземпляра Цена в евро Служебна бележка Служебен тип на артикула
  Не е изгубен Universal Decimal Classification Не е повреден без рестрикции ползва се в читалня 237475 Регионална библиотека "Любен Каравелов" Русе Регионална библиотека "Любен Каравелов" Русе Хранилище 1967-01-01 Хранилище 0.34 14103/67 Цб 42487 900000100498 1 0.17 Дост: Dp Вид: Д N: стар фонд Дата: 01.01.1967 Книги
Изтеглен Не е изгубен Universal Decimal Classification Не е повреден без рестрикции заемане за дома 237476 Регионална библиотека "Любен Каравелов" Русе Регионална библиотека "Любен Каравелов" Русе Заемна - подръчен фонд 1967-01-01 Заемна - подръчен фонд 0.00 14458/67 Цб 42487 14458/67 2 0.00 Дост: Pk Вид: Ф N: стар фонд Дата: 01.01.1967 Книги
Vip Innovations Ltd, Rousse, Bulgaria 2025